00800nam a22002297a 4500010001500000020002600015020002300041035001300064037001300077082001300090100001800103245008400121246003500205246004900240260004500289270006600334300002500400500001900425600002600444650005800470650004200528 aENG-112135 a9780199455263c495.00 a0199455260c495.00 aEN-95667 bDBAD/PUB a342.5411 aNoorani, A.G. aArticle 370 :cby A.G. Nooraniba constitutional history of Jammu and Kashmir / a Article three hundred seventy a Constitutional history of Jammu and Kashmir aNew DelhibOxford University Pressc2014 aYMCA Library Building, 1, Jai Singh Road, bNew Delhie110001 axvi,487p.c23cm(pbk) aIncludes index a India Constitution.  a Constitutional history z India zJammu and Kashmir. a Federal government zIndiazHistory.